MARC

LEADER 00000nam0a2200000 4500
001 358117
005 20231102011048.0
035 |a (RuTPU)RU\TPU\retro\15385 
090 |a 358117 
100 |a 20200813d1977 km y0rusy50 ca 
101 0 |a rus 
102 |a RU 
105 |a a z 001zy 
200 1 |a Распространение ультратонких радиоволн  |f Ч. Ц. Цыдыпов  |g Академия наук СССР, Сибирское отделение, Бурятский институт естественных наук ; отв. ред. И. М. Виленский 
210 |a Новосибирск  |c Наука  |d 1977 
215 |a 205 с.  |c ил. 
320 |a Библиогр.: с. 198-203 
606 1 |a Радиоволны ультракороткие  |x Распространение в горных условиях  |2 stltpush  |3 (RuTPU)RU\TPU\subj\22632  |9 47357 
610 1 |a теория 
610 1 |a земная поверхность 
610 1 |a экспериментальные исследования 
610 1 |a радиометеорология 
610 1 |a УКВ 
610 1 |a Забайкалье 
610 1 |a радиоволны 
610 1 |a дифракция 
675 |a 621.371.029.6  |v 4 
700 1 |a Цыдыпов  |b Ч. Ц.  |g Чимит Цыренович 
702 1 |a Виленский  |b И. М.  |4 340 
712 0 2 |a Академия наук СССР  |b Сибирское отделение  |b Бурятский институт естественных наук  |c (Улан-Удэ)  |2 stltpush  |3 (RuTPU)RU\TPU\col\11570  |9 25192 
801 1 |a RU  |b 63413507  |c 20200813 
801 2 |a RU  |b 63413507  |c 20210219  |g RCR 
942 |c BK